000
00269nam a2200121Ia 4500
008
190216s9999||||xx |||||||||||||| ||und||
100
_a
Bell J T
245
0
_a
Coordinate Geometry
260
_b
Macmillan
_c
1965
300
_a
376p
650
_a
Mathematics
942
_c
BK
999
_c
30429
_d
30429